[Event "FB1 1920 SV Weißblau Allianz Leipzig -"]
[Site "?"]
[Date "2019.09.15"]
[Round "2.4"]
[White "Kalies, Grit"]
[Black "Obolentseva, Alexandra"]
[Result "0-1"]
[WhiteElo "1976"]
[BlackElo "2279"]
[PlyCount "60"]
[EventDate "2019.??.??"]

1. e4 c5 2. Nf3 d6 3. d4 Nf6 4. Nc3 cxd4 5. Nxd4 a6 6. Be2 e6 7. Be3 Qc7 8. Qd2
b5 9. f3 Nbd7 10. O-O Bb7 11. Rac1 Be7 12. Nb1 d5 13. exd5 Nxd5 14. Bf2 Bd6 15.
g3 Ne5 16. b3 Bc5 17. c4 bxc4 18. Bxc4 Qe7 19. Qe2 Nd7 20. Nd2 O-O 21. Ne4 Ba3
22. Rc2 N7b6 23. Kg2 Kh8 24. h4 h6 25. Rh1 f5 26. Ng5 hxg5 27. hxg5+ Kg8 28.
Nxf5 Rxf5 29. Bxb6 Rxf3 30. Qe4 Ne3+ 0-1

[Event "FB1 1920 SV Weißblau Allianz Leipzig -"]
[Site "?"]
[Date "2019.09.15"]
[Round "2.5"]
[White "Babiy, Olga"]
[Black "Just, Anita"]
[Result "1-0"]
[WhiteElo "2254"]
[BlackElo "1874"]
[PlyCount "169"]
[EventDate "2019.??.??"]

1. e4 e6 2. d4 d5 3. Nc3 Bb4 4. Nge2 dxe4 5. a3 Bxc3+ 6. Nxc3 f5 7. f3 exf3 8.
Qxf3 Nf6 9. Bf4 O-O 10. O-O-O Nd5 11. Nxd5 exd5 12. Qg3 Nd7 13. Bxc7 Qf6 14.
Bd3 f4 15. Qf3 Qc6 16. Bxf4 Nf6 17. h3 Ne4 18. Qe3 Bf5 19. g4 Bg6 20. Rhf1 Rac8
21. Be5 Rfe8 22. h4 Qa4 23. Rf5 Qb3 24. Qf4 Qa2 25. Bxe4 dxe4 26. d5 e3 27.
Qxe3 Bxf5 28. gxf5 Qc4 29. c3 Qxh4 30. Rg1 Qe7 31. Re1 Rc5 32. f6 gxf6 33. Qg1+
Kf7 34. Bg3 Rxc3+ 35. Kd2 Qc5 36. bxc3 Qxd5+ 37. Qd4 Qg2+ 38. Bf2 Rxe1 39. Kxe1
Qh1+ 40. Kd2 a6 41. Qd7+ Kg6 42. Qd3+ Kf7 43. Qc4+ Kg6 44. Qg4+ Kf7 45. Bd4 Qd5
46. Qh3 h5 47. Qh4 Qg2+ 48. Ke3 Qg1+ 49. Ke4 Qg2+ 50. Kf4 Qf1+ 51. Qf2 Qc1+ 52.
Kg3 Qg5+ 53. Kh2 f5 54. Qf3 Qh4+ 55. Kg2 Qg5+ 56. Kf2 Qd2+ 57. Kf1 Qc1+ 58. Kf2
Qd2+ 59. Qe2 Qf4+ 60. Kg2 Qg5+ 61. Kf1 Qc1+ 62. Kg2 Qg5+ 63. Kh2 Qh4+ 64. Kg1
Qg5+ 65. Qg2 Qc1+ 66. Kh2 Qf4+ 67. Qg3 Qd2+ 68. Kh3 Qd1 69. Qg7+ Ke6 70. Qe5+
Kd7 71. Qxf5+ Kc7 72. Qc5+ Kd7 73. Qd5+ Ke8 74. Qe6+ Kf8 75. Qc8+ Kf7 76. Qxb7+
Ke8 77. Qe4+ Kd7 78. Kh4 a5 79. Qd5+ Ke8 80. Qxh5+ Qxh5+ 81. Kxh5 Kd7 82. Kg4
Ke6 83. c4 a4 84. Kf4 Kd6 85. Ke4 1-0

[Event "FB1 1920 SV Weißblau Allianz Leipzig -"]
[Site "?"]
[Date "2019.09.15"]
[Round "2.6"]
[White "Kluge, Heidemarie"]
[Black "Schoene, Maria"]
[Result "0-1"]
[WhiteElo "1931"]
[BlackElo "2158"]
[PlyCount "126"]
[EventDate "2019.??.??"]

1. d4 Nf6 2. c4 g6 3. Nc3 Bg7 4. e4 d6 5. Nf3 O-O 6. Be2 e5 7. dxe5 dxe5 8.
Qxd8 Rxd8 9. O-O Nbd7 10. Rd1 Rf8 11. b4 a5 12. b5 Re8 13. Ba3 c6 14. c5 Bf8
15. Bc4 h6 16. Nd2 Bxc5 17. Bxc5 Nxc5 18. f3 Kf8 19. Rac1 Rd8 20. Nb3 Rxd1+ 21.
Rxd1 Nxb3 22. axb3 Ke7 23. bxc6 bxc6 24. Na4 Be6 25. Rc1 Bxc4 26. Rxc4 Kd6 27.
Kf2 Nd7 28. Ke3 Rb8 29. Rc3 Rb5 30. Nb2 f6 31. Nc4+ Kc7 32. Nd2 Nc5 33. g3 Ne6
34. f4 Rc5 35. Rxc5 Nxc5 36. fxe5 fxe5 37. g4 g5 38. Ke2 Kd7 39. Ke3 Ke6 40. h3
a4 41. bxa4 Nxa4 42. Nf1 Nb6 43. Kd3 Nc8 44. Ne3 Ne7 45. Kd2 Kf6 46. Kc3 Ng6
47. Nd1 Nf4 48. Nf2 Ke6 49. Kc4 Kd6 50. Kb4 Kd7 51. Kc4 Kc8 52. Kb4 Kb7 53. Kc5
Kc7 54. Kc4 Kb6 55. Kb4 c5+ 56. Kc4 Kc6 57. Kc3 Kb5 58. Kb3 c4+ 59. Kc3 Kc5 60.
Kd2 Kd4 61. Kc2 Ke3 62. Nd1+ Kxe4 63. Kc3 Nd5+ 0-1

[Event "FB1 1920 Rodewischer Schachmiezen - SV "]
[Site "?"]
[Date "2019.09.15"]
[Round "2.1"]
[White "Hejazipour, Mitra"]
[Black "Bodnaruk, Anastasia"]
[Result "1/2-1/2"]
[WhiteElo "2251"]
[BlackElo "2415"]
[PlyCount "73"]
[EventDate "2019.??.??"]

1. e4 e6 2. d4 d5 3. Nd2 Nf6 4. e5 Nfd7 5. Bd3 c5 6. c3 Nc6 7. Ne2 Qb6 8. Nf3
cxd4 9. cxd4 f6 10. exf6 Nxf6 11. O-O Bd6 12. Bf4 Qc7 13. Bxd6 Qxd6 14. Ng3 O-O
15. Re1 Qf4 16. Qc1 Qxc1 17. Raxc1 Bd7 18. Bb5 Rfc8 19. Bxc6 Rxc6 20. Rxc6 bxc6
21. Ne5 Rb8 22. b3 Be8 23. f3 a5 24. Rc1 a4 25. Rc3 axb3 26. axb3 Kf8 27. Ne2
Ke7 28. Nxc6+ Bxc6 29. Rxc6 g6 30. Rc3 Kd6 31. Kf2 Rb4 32. Re3 Nd7 33. Ke1 e5
34. dxe5+ Nxe5 35. Nc1 Rb7 36. Kd2 d4 37. Re4 1/2-1/2

[Event "FB1 1920 Rodewischer Schachmiezen - SV "]
[Site "?"]
[Date "2019.09.15"]
[Round "2.2"]
[White "Majdan, Joanna"]
[Black "Roessler, Ulrike"]
[Result "1/2-1/2"]
[WhiteElo "2368"]
[BlackElo "2102"]
[PlyCount "106"]
[EventDate "2019.??.??"]

1. e4 e5 2. Nf3 Nf6 3. Nc3 Bb4 4. Bc4 O-O 5. d3 d5 6. exd5 Nxd5 7. Bd2 Bxc3 8.
bxc3 Nc6 9. h3 Na5 10. Bb3 Nxb3 11. axb3 Qf6 12. O-O Nf4 13. Re1 Re8 14. Ra5
Ng6 15. d4 b6 16. dxe5 Qc6 17. Ra4 Bb7 18. Rc4 Qd7 19. Bc1 Qxd1 20. Rxd1 c5 21.
Ra4 Bxf3 22. gxf3 Nxe5 23. Kg2 f5 24. f4 Nc6 25. Be3 Rad8 26. Rxd8 Rxd8 27. Ra6
Rd6 28. Kf3 Rh6 29. Kg3 Kf8 30. Ra1 Rd6 31. Kf3 a5 32. Ke2 Rh6 33. Kd3 Rxh3 34.
Kc4 Rh6 35. Kb5 Ne7 36. b4 cxb4 37. c4 Nc8 38. c5 bxc5 39. Bxc5+ Ke8 40. Kxa5
Re6 41. Rh1 h6 42. Rh5 Re2 43. Rxf5 Rxc2 44. Kxb4 Kd7 45. Rf7+ Kc6 46. Be3 Nd6
47. Rxg7 Kd5 48. Re7 Rc4+ 49. Kb3 Re4 50. Re5+ Rxe5 51. fxe5 Kxe5 52. Bxh6 Ne4
53. Kc4 Nxf2 1/2-1/2

[Event "FB1 1920 Rodewischer Schachmiezen - SV "]
[Site "?"]
[Date "2019.09.15"]
[Round "2.3"]
[White "Kushka, Alena"]
[Black "Lubbe, Melanie"]
[Result "1-0"]
[WhiteElo "2121"]
[BlackElo "2264"]
[PlyCount "115"]
[EventDate "2019.??.??"]

1. d4 d6 2. Nf3 Nf6 3. c4 g6 4. g3 Bg7 5. Bg2 O-O 6. O-O c6 7. Nc3 Bf5 8. b3
Ne4 9. Bb2 Na6 10. Nh4 Nxc3 11. Bxc3 Be6 12. Qd3 Rc8 13. Rad1 d5 14. e4 Qd7 15.
f4 dxe4 16. Qxe4 Bg4 17. Rd2 Qe6 18. Qxe6 Bxe6 19. f5 Bd7 20. Re2 Bf6 21. fxg6
hxg6 22. Ba1 Bg4 23. Bf3 Bh3 24. Bg2 Bxg2 25. Kxg2 Rfd8 26. Nf3 Nc7 27. Ne5 Ne6
28. Nxg6 Kg7 29. Nxe7 Rc7 30. Nf5+ Kg6 31. Re4 Rcd7 32. Nh4+ Bxh4 33. Rxh4 Nxd4
34. Rg4+ Kh5 35. Rxd4 Rxd4 36. Bxd4 Rxd4 37. Rxf7 Rd2+ 38. Kh3 Rxa2 39. Rxb7
Ra3 40. b4 a5 41. bxa5 Rxa5 42. Re7 Kg5 43. Kg2 Kf6 44. Re4 Ra2+ 45. Kf3 Rxh2
46. Rh4 Rc2 47. Rh6+ Kf5 48. g4+ Ke5 49. Rxc6 Rc3+ 50. Ke2 Ke4 51. g5 Rc2+ 52.
Kd1 Rg2 53. g6 Kf5 54. c5 Ke5 55. Rd6 Rg4 56. Kd2 Rc4 57. g7 Rxc5 58. Rd8 1-0

[Event "FB1 1920 Rodewischer Schachmiezen - SV "]
[Site "?"]
[Date "2019.09.15"]
[Round "2.4"]
[White "Movsesian, Julia"]
[Black "Winterholler, Christina"]
[Result "1-0"]
[WhiteElo "2303"]
[BlackElo "2068"]
[PlyCount "49"]
[EventDate "2019.??.??"]

1. e4 d5 2. exd5 Qxd5 3. Nf3 Nf6 4. d4 Bg4 5. Be2 e6 6. c4 Bb4+ 7. Nc3 Bxc3+ 8.
bxc3 Qa5 9. Rb1 Nbd7 10. Qb3 O-O 11. Be3 Ne4 12. Rc1 Nb6 13. Bd3 Bxf3 14. gxf3
Nf6 15. Rg1 Qh5 16. Ke2 h6 17. Rg3 e5 18. Kd2 Qxh2 19. Qb1 exd4 20. cxd4 Qh5
21. c5 Nbd7 22. Rh1 Qd5 23. Bxh6 g6 24. Bxg6 Qxd4+ 25. Bd3+ 1-0

[Event "FB1 1920 Rodewischer Schachmiezen - SV "]
[Site "?"]
[Date "2019.09.15"]
[Round "2.5"]
[White "Froehlich-Dill, Astrid"]
[Black "Hagarova, Zuzana"]
[Result "0-1"]
[WhiteElo "1861"]
[BlackElo "2294"]
[PlyCount "82"]
[EventDate "2019.??.??"]

1. d4 Nf6 2. c4 c5 3. e3 g6 4. Nc3 Bg7 5. Nf3 O-O 6. Be2 d6 7. O-O Nbd7 8. Qc2
b6 9. Rd1 a6 10. e4 cxd4 11. Nxd4 Bb7 12. Be3 Rc8 13. f3 Ne5 14. Qb3 Nfd7 15.
Na4 Qc7 16. Rac1 Nc5 17. Nxc5 bxc5 18. Nc2 f5 19. exf5 gxf5 20. Ne1 f4 21. Bf2
Rb8 22. Qc2 Kh8 23. Nd3 Nc6 24. Qd2 Nd4 25. Ne1 Rf7 26. Kh1 Rg8 27. Rb1 e5 28.
Bd3 Qe7 29. Nc2 Nxf3 30. Qe2 Ng5 31. Ne1 f3 32. Qc2 e4 33. Bf1 e3 34. Bg3 e2
35. Nxf3 exd1=Q 36. Rxd1 Rxf3 37. gxf3 Bxf3+ 38. Bg2 Bxd1 39. Qxd1 Bd4 40. Bd5
Rf8 41. Kg2 Qe3 0-1

[Event "FB1 1920 Rodewischer Schachmiezen - SV "]
[Site "?"]
[Date "2019.09.15"]
[Round "2.6"]
[White "Korenova, Martina"]
[Black "Zahn, Nicol"]
[Result "1-0"]
[WhiteElo "2139"]
[BlackElo "1855"]
[PlyCount "42"]
[EventDate "2019.??.??"]

1. e4 c5 2. c3 e6 3. d4 d5 4. exd5 Qxd5 5. Be3 cxd4 6. cxd4 Nf6 7. Nc3 Qa5 8.
Nf3 Be7 9. Bd3 O-O 10. O-O Nc6 11. a3 a6 12. b4 Qh5 13. Ne2 Ng4 14. Bf4 Qd5 15.
Qc2 Nf6 16. Rac1 h6 17. Rfd1 Qd8 18. Ne5 Nxe5 19. dxe5 Nd5 20. Qc4 Bd7 21. Qe4
g5 1-0

[Event "FB1 1920 Schachfreunde Deizisau - Karls"]
[Site "?"]
[Date "2019.09.15"]
[Round "2.1"]
[White "Muetsch, Annmarie"]
[Black "Michna, Marta"]
[Result "0-1"]
[WhiteElo "2250"]
[BlackElo "2362"]
[PlyCount "134"]
[EventDate "2019.??.??"]

1. e4 e6 2. d4 d5 3. Nd2 Nf6 4. e5 Nfd7 5. Bd3 c5 6. c3 Nc6 7. Ne2 a5 8. O-O
cxd4 9. cxd4 Nb6 10. Nf3 Be7 11. Be3 Bd7 12. Nf4 g6 13. a3 a4 14. Rc1 Na5 15.
Nd2 Bc6 16. Qg4 Kd7 17. Nh3 h6 18. Nf4 Qg8 19. Qe2 Kc7 20. Bb5 Kb8 21. Bxc6
Nxc6 22. Qb5 Qd8 23. Rb1 Na7 24. Qe2 Qd7 25. Rfc1 Rc8 26. Rxc8+ Nbxc8 27. Qf3
Nb5 28. Nd3 Qe8 29. Qf4 Bf8 30. Rc1 Ne7 31. g4 Nc6 32. Nf3 g5 33. Qg3 Be7 34.
Qh3 Qh8 35. Nc5 Kc8 36. Qf1 Nc7 37. Qd3 Qg7 38. b4 Bxc5 39. Rxc5 Kd7 40. b5 Nd8
41. Bd2 b6 42. Rc1 Qg6 43. Qxg6 fxg6 44. Rb1 Nb7 45. h4 Na5 46. hxg5 hxg5 47.
Rb4 Nb3 48. Bxg5 Ra5 49. Nd2 Na1 50. Nb1 Rxb5 51. Rxb5 Nxb5 52. Bc1 Nc2 53. Bb2
Nbxd4 54. Kg2 b5 55. Kh3 Nf3 56. Kg3 Nfe1 57. f4 Nd3 58. Bc3 d4 59. Bd2 b4 60.
axb4 a3 61. Nxa3 Nxa3 62. Kf3 Nc4 63. Ke2 Ndb2 64. b5 d3+ 65. Ke1 Na4 66. Bb4
Nab6 67. Bc3 Nd5 0-1

[Event "FB1 1920 Schachfreunde Deizisau - Karls"]
[Site "?"]
[Date "2019.09.15"]
[Round "2.2"]
[White "Schleining, Zoya"]
[Black "Georgescu, Lena"]
[Result "1/2-1/2"]
[WhiteElo "2340"]
[BlackElo "2229"]
[PlyCount "45"]
[EventDate "2019.??.??"]

1. d4 Nf6 2. Nf3 e6 3. c4 b6 4. Nc3 Bb4 5. Qc2 Bb7 6. a3 Bxc3+ 7. Qxc3 O-O 8.
Bg5 d6 9. Nd2 h6 10. Bh4 Nbd7 11. e3 c5 12. dxc5 bxc5 13. f3 Qb6 14. Be2 d5 15.
Bf2 a5 16. O-O a4 17. Rfc1 Rfc8 18. Rab1 Bc6 19. Bf1 Qa7 20. Bd3 Bb7 21. Be2
Bc6 22. Bf1 Bb7 23. Be2 1/2-1/2

[Event "FB1 1920 Schachfreunde Deizisau - Karls"]
[Site "?"]
[Date "2019.09.15"]
[Round "2.3"]
[White "Mader, Manuela"]
[Black "Agrest, Inna"]
[Result "1-0"]
[WhiteElo "2190"]
[BlackElo "2320"]
[PlyCount "161"]
[EventDate "2019.??.??"]

1. e4 e5 2. Nf3 Nc6 3. Bb5 a6 4. Bxc6 dxc6 5. O-O Qf6 6. d3 Bg4 7. h3 Bh5 8.
Nbd2 Ne7 9. g4 Bg6 10. Nc4 h5 11. g5 Qe6 12. Ncxe5 Qxh3 13. Nh2 f6 14. Nxg6
Nxg6 15. Qf3 Qe6 16. Qg3 O-O-O 17. f4 Bc5+ 18. Kh1 h4 19. Qg4 Qxg4 20. Nxg4
fxg5 21. f5 Nf4 22. Bxf4 gxf4 23. Rxf4 h3 24. Rf3 Rh4 25. Ne5 h2 26. Ng6 Rh6
27. c3 Bg1 28. Re1 c5 29. e5 Re8 30. e6 Rh5 31. Re2 Rg5 32. Rg2 Rxg2 33. Kxg2
b5 34. Rh3 b4 35. Rh7 bxc3 36. bxc3 c4 37. d4 Kb7 38. Rxg7 Bxd4 39. cxd4 c3 40.
Nf4 c2 41. Nd3 Rh8 42. Kh1 Rh3 43. Nc1 Kc6 44. Rg2 Rf3 45. Kxh2 Rxf5 46. Re2
Rf8 47. Rxc2+ Kd5 48. Nb3 Kxe6 49. Rc6+ Kd5 50. Rxa6 Rg8 51. Ra5+ Kd6 52. Rf5
Ke6 53. Rf2 Kd5 54. Rg2 Ra8 55. Kg3 Ke4 56. Re2+ Kd3 57. Rd2+ Kc3 58. Kf3 Re8
59. Re2 Rf8+ 60. Ke3 Ra8 61. Nc5 Kc4 62. Rc2+ Kd5 63. Nd3 Rh8 64. Nf4+ Kd6 65.
a4 Re8+ 66. Kd3 Ra8 67. Rc4 Ra5 68. Ng6 c5 69. dxc5+ Rxc5 70. Rxc5 Kxc5 71. Kc3
Kb6 72. Kb4 Ka6 73. Ne5 Kb6 74. Nd7+ Ka6 75. Nc5+ Kb6 76. a5+ Ka7 77. Kb5 Ka8
78. Kb6 Kb8 79. Na6+ Ka8 80. Nc7+ Kb8 81. a6 1-0

[Event "FB1 1920 Schachfreunde Deizisau - Karls"]
[Site "?"]
[Date "2019.09.15"]
[Round "2.4"]
[White "Klek, Hanna Marie"]
[Black "Kiefhaber, Veronika"]
[Result "1-0"]
[WhiteElo "2246"]
[BlackElo "2149"]
[PlyCount "67"]
[EventDate "2019.??.??"]

1. d4 Nf6 2. c4 g6 3. Nc3 Bg7 4. e4 d6 5. h3 O-O 6. Be3 Nbd7 7. Nf3 e5 8. d5 a5
9. g4 Nc5 10. Nd2 Nfd7 11. h4 f5 12. gxf5 gxf5 13. exf5 Nb6 14. Nde4 Nxe4 15.
Nxe4 Bxf5 16. Ng3 Qd7 17. Rg1 Kh8 18. b3 Rf7 19. Bg2 a4 20. Rc1 axb3 21. axb3
Ra2 22. Be4 Bxe4 23. Nxe4 Qf5 24. Qg4 Qxg4 25. Rxg4 Nd7 26. Ng5 Re7 27. c5 dxc5
28. Bxc5 Nxc5 29. Rxc5 Rd7 30. Ne6 c6 31. dxc6 bxc6 32. Rxc6 h5 33. Rg5 Bf6 34.
Rc8+ 1-0

[Event "FB1 1920 Schachfreunde Deizisau - Karls"]
[Site "?"]
[Date "2019.09.15"]
[Round "2.5"]
[White "Moingt, Anne"]
[Black "Jelica, Mara"]
[Result "1/2-1/2"]
[WhiteElo "2068"]
[BlackElo "2150"]
[PlyCount "193"]
[EventDate "2019.??.??"]

1. e4 e5 2. Nf3 Nc6 3. Bb5 Nf6 4. O-O Nxe4 5. Re1 Nd6 6. Bxc6 dxc6 7. Nxe5 Be7
8. d4 O-O 9. Nd2 Bf5 10. Ndf3 f6 11. Nd3 Re8 12. Bf4 b6 13. c3 Kh8 14. Nb4 Qd7
15. Nc2 Rad8 16. Ne3 Bg6 17. Qb3 Bf8 18. h3 Ne4 19. Rad1 Bh5 20. g4 Bg6 21. a4
a5 22. Bh2 Nd6 23. Ng2 Be4 24. Nd2 Bd5 25. Qc2 Rxe1+ 26. Rxe1 Re8 27. Rxe8 Qxe8
28. Ne3 Bf7 29. Qd1 Bg6 30. Qf3 Ne4 31. Nxe4 Bxe4 32. Qe2 c5 33. Bxc7 cxd4 34.
cxd4 Bb7 35. Qb5 Qe4 36. d5 Bc5 37. Bxb6 Bxe3 38. Bxe3 Bxd5 39. Qb8+ Bg8 40.
Qb5 h6 41. Qxa5 Bd5 42. Qd8+ Kh7 43. Kf1 Qb1+ 44. Ke2 Qxb2+ 45. Kd3 Qb3+ 46.
Kd2 Qb4+ 47. Kc1 Qc3+ 48. Kb1 Be4+ 49. Ka2 Bc2 50. Qd5 Bd3 51. Qd4 Bc4+ 52. Kb1
Bd3+ 53. Ka2 Bc4+ 54. Kb1 Qb4+ 55. Kc1 Qxa4 56. Qc3 Qb5 57. Bd4 Bf7 58. Kd2 Bg6
59. Qe3 Qb1 60. Qc3 Be4 61. f3 Bg6 62. h4 Qa2+ 63. Qb2 Qd5 64. Ke3 h5 65. Kf2
hxg4 66. fxg4 Qe4 67. Kg3 Qd3+ 68. Kh2 Qf3 69. g5 Qf4+ 70. Kg1 Qg4+ 71. Kf1
Qh3+ 72. Kg1 Qg3+ 73. Qg2 Qe1+ 74. Kh2 Be4 75. Qf2 Qb1 76. Kg3 f5 77. Be3 Kg6
78. Bf4 Qd1 79. Kh2 Kh5 80. Kh3 Qg4+ 81. Kh2 Qxh4+ 82. Qxh4+ Kxh4 83. Kg1 Kg4
84. Be5 g6 85. Bf6 Kf3 86. Bd4 Kg3 87. Bc5 Bg2 88. Bb6 Bh3 89. Bc5 f4 90. Bb6
Kg4 91. Bd8 Kf3 92. Bb6 Kg3 93. Bc7 Kg4 94. Bd8 Kf3 95. Bb6 Ke2 96. Bc5 f3 97.
Bb6 1/2-1/2

[Event "FB1 1920 Schachfreunde Deizisau - Karls"]
[Site "?"]
[Date "2019.09.15"]
[Round "2.6"]
[White "Lauterbach, Ingrid"]
[Black "Rubina, Tatiana"]
[Result "1-0"]
[WhiteElo "2073"]
[BlackElo "2050"]
[PlyCount "85"]
[EventDate "2019.??.??"]

1. Nf3 d5 2. g3 Nf6 3. Bg2 e6 4. c4 Bd6 5. d4 c6 6. Nbd2 O-O 7. O-O Ne4 8. Nxe4
dxe4 9. Ng5 f5 10. h4 Na6 11. a3 Nc7 12. b3 Qf6 13. Nh3 Bd7 14. Bg5 Qf7 15. Qd2
Rfe8 16. Bf4 Qf8 17. Rfd1 Rad8 18. Bg5 Rc8 19. Bf4 b5 20. Qa5 a6 21. Bxd6 Qxd6
22. Nf4 Red8 23. Rac1 Be8 24. e3 Qe7 25. Bf1 g6 26. a4 e5 27. dxe5 Rxd1 28.
Rxd1 Qxe5 29. cxb5 axb5 30. axb5 Ra8 31. Bc4+ Kh8 32. Qb4 c5 33. Qd2 Bxb5 34.
Bxb5 Nxb5 35. Qd7 Nc3 36. Rc1 Rb8 37. Qd2 Rxb3 38. Qd8+ Kg7 39. Qd7+ Kh8 40.
Qc8+ Kg7 41. Qd7+ Kh8 42. Ne6 Rb8 43. Ng5 1-0

[Event "FB1 1920 SK Schwäbisch Hall - OSG Baden"]
[Site "?"]
[Date "2019.09.15"]
[Round "2.1"]
[White "Muzychuk, Mariya"]
[Black "Javakhishvili, Lela"]
[Result "1/2-1/2"]
[WhiteElo "2551"]
[BlackElo "2458"]
[PlyCount "42"]
[EventDate "2019.??.??"]

1. e4 d6 2. d4 Nf6 3. Nc3 g6 4. f4 Bg7 5. Nf3 Nc6 6. Be3 O-O 7. Qd2 Bg4 8. e5
dxe5 9. Nxe5 Bf5 10. Nxc6 bxc6 11. Bd3 Bxd3 12. Qxd3 Rb8 13. b3 Ng4 14. Rd1 c5
15. dxc5 e5 16. Qe2 Qh4+ 17. Bf2 Qh5 18. f5 e4 19. Nd5 c6 20. h3 cxd5 21. Qxg4
Qh6 1/2-1/2

[Event "FB1 1920 SK Schwäbisch Hall - OSG Baden"]
[Site "?"]
[Date "2019.09.15"]
[Round "2.2"]
[White "Khotenashvili, Bela"]
[Black "Muzychuk, Anna"]
[Result "1/2-1/2"]
[WhiteElo "2453"]
[BlackElo "2547"]
[PlyCount "54"]
[EventDate "2019.??.??"]

1. d4 e6 2. c4 b6 3. a3 Bb7 4. Nc3 Nf6 5. Bf4 d5 6. Qa4+ c6 7. Nf3 Bd6 8. Bg5
O-O 9. e4 dxe4 10. Nxe4 Be7 11. Bxf6 Bxf6 12. c5 Nd7 13. Qc2 e5 14. O-O-O exd4
15. Nxd4 bxc5 16. Nf5 Bc8 17. f4 g6 18. Nfd6 Bd4 19. Bc4 Nb6 20. Bb3 Nd5 21.
Rxd4 cxd4 22. Qxc6 Nxf4 23. Qxa8 Qc7+ 24. Kd2 Qa5+ 25. Kc1 Qc7+ 26. Kd2 Qa5+
27. Kc1 Qc7+ 1/2-1/2

[Event "FB1 1920 SK Schwäbisch Hall - OSG Bade"]
[Site "?"]
[Date "2019.09.15"]
[Round "2.3"]
[White "Abdumalik, Zhansaya"]
[Black "Atalik, Ekaterina"]
[Result "1/2-1/2"]
[WhiteElo "2469"]
[BlackElo "2456"]
[PlyCount "204"]
[EventDate "2019.??.??"]

1. e4 e5 2. Nf3 Nc6 3. Bb5 a6 4. Ba4 Nf6 5. O-O Be7 6. Re1 b5 7. Bb3 d6 8. c3
O-O 9. h3 Bb7 10. d4 Nd7 11. Nbd2 exd4 12. cxd4 Na5 13. Bc2 Re8 14. Nf1 Bf6 15.
Rb1 c5 16. d5 Nc4 17. b3 Nce5 18. N3h2 Ng6 19. Ng3 Bc8 20. Ng4 Bc3 21. Bd2 Bxd2
22. Qxd2 Nb6 23. Nf5 b4 24. f4 h5 25. Nf2 a5 26. Rbd1 a4 27. e5 axb3 28. axb3
dxe5 29. fxe5 Bxf5 30. Bxf5 Nxe5 31. Bb1 Ned7 32. Rxe8+ Qxe8 33. Re1 Qf8 34.
Ne4 g6 35. Rf1 Qg7 36. Ng5 Rf8 37. d6 Qe5 38. Re1 Qc3 39. Qxc3 bxc3 40. Rc1 Re8
41. Kf2 Re5 42. Ne4 Rd5 43. g4 hxg4 44. hxg4 Nc8 45. Nxc3 Rd2+ 46. Kg3 Rxd6 47.
Ne4 Rb6 48. Nxc5 Nxc5 49. Rxc5 Rxb3+ 50. Kf4 Rb4+ 51. Kf3 Nd6 52. Rd5 Nb5 53.
Bd3 Nd4+ 54. Kg3 Ne6 55. Be2 Kg7 56. Bf3 Kf6 57. Rd3 Nd4 58. Bd1 Kg5 59. Ra3
Nc6 60. Re3 f6 61. Rd3 Ne5 62. Rd8 Rc4 63. Rb8 Rc3+ 64. Kf2 Kh4 65. Rb6 Nd3+
66. Kg2 Nf4+ 67. Kf2 Nd3+ 68. Kg2 Kg5 69. Rb8 Kf4 70. Rb6 Ke5 71. Rb8 Kd4 72.
Rb6 Nf4+ 73. Kf2 Nd5 74. Ra6 Ke4 75. g5 fxg5 76. Rxg6 Nf4 77. Ra6 Nd3+ 78. Kg2
Rc1 79. Bf3+ Ke3 80. Re6+ Kf4 81. Rf6+ Ke5 82. Ra6 Rc2+ 83. Kg3 Rc3 84. Ra8 Kf6
85. Ra6+ Kf5 86. Ra8 Ne5 87. Rf8+ Ke6 88. Kf2 g4 89. Bxg4+ Nxg4+ 90. Ke2 Nf6
91. Ra8 Ke5 92. Ra5+ Kf4 93. Ra8 Re3+ 94. Kd2 Ne4+ 95. Kc2 Rc3+ 96. Kb2 Rc7 97.
Kb3 Ke3 98. Rd8 Nf6 99. Rd6 Ne4 100. Rd8 Rc6 101. Kb4 Nd6 102. Rh8 Kd4 1/2-1/2

[Event "FB1 1920 SK Schwäbisch Hall - OSG Baden"]
[Site "?"]
[Date "2019.09.15"]
[Round "2.4"]
[White "Bulmaga, Irina"]
[Black "Zatonskih, Anna"]
[Result "1-0"]
[WhiteElo "2440"]
[BlackElo "2424"]
[PlyCount "49"]
[EventDate "2019.??.??"]

1. e4 e6 2. d4 d5 3. Nc3 dxe4 4. Nxe4 Nd7 5. Nf3 Ngf6 6. Bd3 Be7 7. Nxf6+ Nxf6
8. Bg5 Nd5 9. Bxe7 Qxe7 10. Qd2 O-O 11. O-O-O Rd8 12. Kb1 Bd7 13. Be4 Nf6 14.
Bd3 c5 15. Qg5 Rac8 16. Qh4 h6 17. Ne5 Be8 18. dxc5 Qxc5 19. Ng4 Nxg4 20. Qxg4
Qxf2 21. Rhf1 Qc5 22. Qe4 g6 23. Qxb7 Qd5 24. Qe7 Rc7 25. Qxc7 1-0

[Event "FB1 1920 SK Schwäbisch Hall - OSG Baden"]
[Site "?"]
[Date "2019.09.15"]
[Round "2.5"]
[White "Tammert, Iamze"]
[Black "Daulyte-Cornette, Deimante"]
[Result "1-0"]
[WhiteElo "2272"]
[BlackElo "2412"]
[PlyCount "95"]
[EventDate "2019.??.??"]

1. c4 e5 2. Nc3 Nf6 3. g3 Bb4 4. Bg2 O-O 5. Qb3 Nc6 6. Bxc6 Bxc3 7. Bg2 Ba5 8.
Nf3 Re8 9. O-O c6 10. c5 d5 11. cxd6 Qxd6 12. d3 Be6 13. Qxb7 Nd5 14. Qa6 Qc7
15. a3 Reb8 16. d4 e4 17. Ne5 Bb6 18. Qa4 f6 19. Nc4 Bxd4 20. Bxe4 f5 21. Bg2
Rb5 22. e3 Bf6 23. Bd2 Rab8 24. Rac1 Qd7 25. b4 Nb6 26. Nxb6 Qxd2 27. Nc4 Qa2
28. Nd6 Rxb4 29. Qxa7 Rb3 30. a4 Rd8 31. Rxc6 Rb1 32. Qa6 Rxf1+ 33. Bxf1 f4 34.
Bc4 Qb1+ 35. Kg2 f3+ 36. Kxf3 Qd1+ 37. Kg2 Bd5+ 38. Bxd5+ Qxd5+ 39. e4 Qe6 40.
Qc4 Qxc4 41. Nxc4 Kf7 42. e5 Be7 43. a5 Rd1 44. a6 Ra1 45. Nd6+ Ke6 46. Nc8+
Kd7 47. Nxe7 Kxe7 48. Rc7+ 1-0

[Event "FB1 1920 SK Schwäbisch Hall - OSG Baden"]
[Site "?"]
[Date "2019.09.15"]
[Round "2.6"]
[White "Mkrtchian, Lilit"]
[Black "Heinemann, Josefine"]
[Result "0-1"]
[WhiteElo "2408"]
[BlackElo "2310"]
[PlyCount "108"]
[EventDate "2019.??.??"]

1. d4 Nf6 2. c4 g6 3. g3 c6 4. Bg2 d5 5. Qa4 Nfd7 6. cxd5 Nb6 7. Qb3 cxd5 8.
Nc3 Nc6 9. e3 e6 10. Nge2 Bg7 11. a4 O-O 12. O-O Nc4 13. Qd1 a5 14. b3 Nd6 15.
Ba3 Re8 16. Qd2 b6 17. Rfc1 Bb7 18. Nf4 Rc8 19. Nd3 Ba6 20. Rc2 Bf8 21. Ne5
Nxe5 22. dxe5 Nb7 23. Bxf8 Rxf8 24. Bf1 Bxf1 25. Rxf1 Nc5 26. Rb1 Qg5 27. b4
axb4 28. Rxb4 Qxe5 29. Rcb2 Nd7 30. R2b3 Rc6 31. Qd4 Qxd4 32. exd4 Rfc8 33. Nb5
Rc1+ 34. Kg2 R8c2 35. a5 bxa5 36. Ra4 Nf6 37. Rxa5 Ne4 38. Rf3 Rb2 39. Ra8+ Kg7
40. Ra7 Ng5 41. Rfxf7+ Nxf7 42. Nd6 Rcc2 43. Rxf7+ Kg8 44. Rf6 Rb8 45. Rxe6 Rf8
46. Re5 Rfxf2+ 47. Kh3 Rxh2+ 48. Kg4 Rc6 49. Re8+ Kg7 50. Rd8 Rc3 51. Kf4 Kf6
52. Ne8+ Ke7 53. Ra8 Rf2+ 54. Ke5 Rf5# 0-1

[Event "FB1 1920 SK Schwäbisch Hall - Hamburge"]
[Site "?"]
[Date "2019.12.14"]
[Round "3.1"]
[White "Socko, Monika"]
[Black "Javakhishvili, Lela"]
[Result "1/2-1/2"]
[WhiteElo "2407"]
[BlackElo "2463"]
[PlyCount "81"]
[EventDate "2019.??.??"]

1. d4 Nf6 2. c4 e6 3. g3 d5 4. Bg2 dxc4 5. Nf3 Nc6 6. Qa4 Bb4+ 7. Bd2 Nd5 8.
Bxb4 Ndxb4 9. O-O Rb8 10. Na3 O-O 11. Qb5 b6 12. Qxc4 Ba6 13. Nb5 Qe8 14. a4
Nd5 15. Qc2 Ncb4 16. Qd2 Bxb5 17. axb5 Qxb5 18. Rxa7 Nc6 19. Raa1 Na5 20. Rab1
c5 21. e4 Nb4 22. Rfd1 Rbd8 23. Qc3 h6 24. Bf1 Qc6 25. Re1 Qd6 26. dxc5 bxc5
27. Rbd1 Qe7 28. Bb5 Nac6 29. Bxc6 Nxc6 30. Kg2 Rxd1 31. Rxd1 Rb8 32. Rd2 Rb4
33. Ne5 Nxe5 34. Qxe5 Qb7 35. f3 Rd4 36. Rc2 Qb5 37. g4 Rd1 38. Qxc5 Rd2+ 39.
Kg3 Qxc5 40. Rxc5 Rxb2 41. h4 1/2-1/2

[Event "FB1 1920 SK Schwäbisch Hall - Hamburge"]
[Site "?"]
[Date "2019.12.14"]
[Round "3.2"]
[White "Khotenashvili, Bela"]
[Black "Papp, Sarah"]
[Result "1-0"]
[WhiteElo "2446"]
[BlackElo "2314"]
[PlyCount "85"]
[EventDate "2019.??.??"]

1. d4 Nf6 2. c4 e6 3. Nf3 d5 4. g3 Bb4+ 5. Bd2 Be7 6. Bg2 O-O 7. O-O Nbd7 8.
Qc2 Ne4 9. Nc3 Nxd2 10. Nxd2 c6 11. Rfd1 f5 12. e3 Qe8 13. Rab1 a5 14. a3 Nf6
15. Na4 Ne4 16. c5 g5 17. Nb6 Ra7 18. b4 g4 19. Nxe4 fxe4 20. b5 e5 21. Nxc8
Qxc8 22. dxe5 Qe6 23. Qc3 Rf5 24. bxc6 bxc6 25. Rb6 Rf8 26. Bf1 Bd8 27. Rxd5
Bxb6 28. Rd2 Qe7 29. cxb6 Raa8 30. Qc4+ Kh8 31. Qxe4 Rae8 32. Qxg4 Qxe5 33. b7
c5 34. Qc4 Re7 35. Qb5 Rb8 36. Rd7 Qe4 37. Bg2 Qe5 38. Rxe7 Qxe7 39. Qxa5 Qe5
40. Bf3 Kg7 41. Qd2 c4 42. Qd7+ Kf6 43. Bd5 1-0